Normal view
MARC view
Entry Personal Name
001 - CONTROL NUMBER
- control field: 1185090
003 - CONTROL NUMBER IDENTIFIER
- control field: OSt
005 - DATE AND TIME OF LATEST TRANSACTION
- control field: 20260324131326.0
008 - FIXED-LENGTH DATA ELEMENTS
- fixed length control field: 260324|| aca||aabn | a|a d
040 ## - CATALOGING SOURCE
- Original cataloging agency: OSt
- Transcribing agency: OSt
100 ## - HEADING--PERSONAL NAME
- Personal name: Elizabeth G. Sturtevant; Kathleen A. Hinchman; David W. Moore; Fenice B. Boyd; William G. Brozo; Donna E. Alvermann
670 ## - SOURCE DATA FOUND
- Source citation: Work cat.: (OSt)1782130: Elizabeth G. Sturtevant; Kathleen A. Hinchman; David W. Moore; Fenice B. Boyd; William G. Brozo; Donna E. Alvermann, Principled Practices for Adolescent Literacy
